Vainqueurs du Grand Prix d'Italie de Formule 1 - Statistiques

Statistiques générales
  • Ce quiz a été pris 1 185 fois
    835 depuis la dernière actualisation
  • Le résultat moyen est 47 sur 73
Statistiques - réponses
Année Circuit Vainqueur Ecurie % Correct
2012 Monza Lewis Hamilton McLaren-Mercedes
99%
2014 Monza Lewis Hamilton Mercedes
99%
2015 Monza Lewis Hamilton Mercedes
99%
2017 Monza Lewis Hamilton Mercedes
99%
2018 Monza Lewis Hamilton Mercedes
99%
2022 Monza Max Verstappen Red Bull
98%
2019 Monza Charles Leclerc Ferrari
97%
2020 Monza Pierre Gasly AlphaTauri-Honda
96%
2008 Monza Sebastian Vettel Toro Rosso-Ferrari
95%
2011 Monza Sebastian Vettel Red Bull-Renault
95%
2013 Monza Sebastian Vettel Red Bull-Renault
95%
1996 Monza Michael Schumacher Ferrari
94%
1998 Monza Michael Schumacher Ferrari
94%
2000 Monza Michael Schumacher Ferrari
94%
2003 Monza Michael Schumacher Ferrari
94%
2006 Monza Michael Schumacher Ferrari
94%
2016 Monza Nico Rosberg Mercedes
93%
1981 Monza Alain Prost Renault
91%
1985 Monza Alain Prost McLaren-TAG Porsche
91%
1989 Monza Alain Prost McLaren-Honda
91%
2021 Monza Daniel Ricciardo McLaren-Mercedes
90%
2007 Monza Fernando Alonso McLaren-Mercedes
90%
2010 Monza Fernando Alonso Ferrari
90%
1990 Monza Ayrton Senna McLaren-Honda
89%
1992 Monza Ayrton Senna McLaren-Honda
89%
1953 Monza Juan Manuel Fangio Maserati
82%
1954 Monza Juan Manuel Fangio Mercedes
82%
1955 Monza Juan Manuel Fangio Mercedes
82%
1993 Monza Damon Hill Williams-Renault
76%
1994 Monza Damon Hill Williams-Renault
76%
1978 Monza Niki Lauda Brabham-Alfa Romeo
76%
1984 Monza Niki Lauda McLaren-TAG Porsche
76%
1962 Monza Graham Hill BRM
75%
1960 Monza Phil Hill Ferrari
75%
1961 Monza Phil Hill Ferrari
75%
1951 Monza Alberto Ascari Ferrari
71%
1952 Monza Alberto Ascari Ferrari
71%
2002 Monza Rubens Barrichello Ferrari
68%
2004 Monza Rubens Barrichello Ferrari
68%
2009 Monza Rubens Barrichello Brawn-Mercedes
68%
1991 Monza Nigel Mansell Williams-Renault
64%
1950 Monza Giuseppe Farina Alfa Romeo
63%
1980 Imola Nelson Piquet Brabham-Ford
63%
1983 Monza Nelson Piquet Brabham-BMW
63%
1986 Monza Nelson Piquet Williams-Honda
63%
1987 Monza Nelson Piquet Williams-Honda
63%
1965 Monza Jackie Stewart BRM
55%
1969 Monza Jackie Stewart Matra-Ford
55%
1997 Monza David Coulthard McLaren-Mercedes
52%
1972 Monza Emerson Fittipaldi Lotus-Ford
52%
1963 Monza Jim Clark Lotus-Climax
49%
2001 Monza Juan Pablo Montoya Williams-BMW
49%
2005 Monza Juan Pablo Montoya McLaren-Mercedes
49%
1979 Monza Jody Scheckter Ferrari
42%
1977 Monza Mario Andretti Lotus-Ford
38%
1956 Monza Stirling Moss Maserati
37%
1957 Monza Stirling Moss Vanwall
37%
1959 Monza Stirling Moss Cooper-Climax
37%
1982 Monza René Arnoux Renault
34%
1964 Monza John Surtees Ferrari
33%
1967 Monza John Surtees Honda
33%
1988 Monza Gerhard Berger Ferrari
32%
1968 Monza Denny Hulme McLaren-Ford
31%
1999 Monza Heinz-Harald Frentzen Jordan-Mugen-Honda
27%
1970 Monza Clay Regazzoni Ferrari
22%
1975 Monza Clay Regazzoni Ferrari
22%
1973 Monza Ronnie Peterson Lotus-Ford
22%
1974 Monza Ronnie Peterson Lotus-Ford
22%
1976 Monza Ronnie Peterson March-Ford
22%
1995 Monza Johnny Herbert Benetton-Renault
19%
1958 Monza Tony Brooks Vanwall
14%
1966 Monza Ludovico Scarfiotti Ferrari
7%
1971 Monza Peter Gethin BRM
4%
Aucun quiz correspondant
Distribution des résultats
% des personnes avec chaque résultat
Percentile par nombre de réponses
Votre historique - résultats
Vous n’avez pas pris ce quiz depuis la dernière actualisation